000 00621nam a2200181Ia 4500
008 090124s9999 xx 000 0 und d
082 _b34520
100 _aदेसाई ह. त्र्यं.
245 _a रणझुंजार नेताजी
250 _a2
260 _bगोकुळ मासिक प्रकाशन
_c1997
300 _a204
600 _aदेसाई ह. त्र्यं.
630 _a रणझुंजार नेताजी
700 _aदेसाई ह. त्र्यं.
730 _a रणझुंजार नेताजी
942 _cBOOK
999 _c100451
_d100451